[Event "Florianopolis op 10th"]
[Site "Florianopolis"]
[Date "2024.01.23"]
[Round "5"]
[White "Silva, Adriano Da"]
[Black "Soares, Rafael Tuma"]
[Result "0-1"]
[WhiteElo "1926"]
[BlackElo "1540"]
[PlyCount "86"]
[EventDate "2024.01.20"]
[EventType "swiss"]
[EventRounds "10"]
[EventCountry "BRA"]
[SourceTitle "CB05_2024"]
[SourceDate "2024.01.31"]
[SourceVersion "1"]
[SourceVersionDate "2024.01.31"]
[SourceQuality "1"]

1. Nf3 Nf6 2. d4 e6 3. c4 b6 4. g3 Bb7 5. Bg2 Be7 6. 0-0 c5 7. d5 exd5 8. Nh4 0-0 9. cxd5 d6 10. Nf5 Bc8 11. Nxe7+ Qxe7 12. Nc3 Bf5 13. f3 a6 14. a4 Qd7 15. Bg5 Ne8 16. Qb3 h6 17. Bd2 Ra7 18. Rae1 Rb7 19. e4 Bg6 20. f4 b5 21. axb5 axb5 22. e5 c4 23. Qd1 Bd3 24. e6 Qe7 25. Rf2 f5 26. Ne2 Bxe2 27. Rfxe2 Na6 28. b4 cxb3 29. Qxb3 Nc5 30. Qb1 Nc7 31. Bb4 N7a6 32. Bxc5 Nxc5 33. Rb2 b4 34. Re3 b3 35. Bf1 Qf6 36. Bc4 Qd4 37. Qc1 Rb4 38. Be2 Na4 39. Rb1 b2 40. Rxb2 Nxb2 41. Kf1 Nc4 42. Ra3 Qe4 43. Kf2 Rfb8 0-1

[Event "Joacaba op 2nd"]
[Site "Joacaba"]
[Date "2023.07.01"]
[Round "3"]
[White "Silva, Adriano Da"]
[Black "Mariani, Kim Paul"]
[Result "0-1"]
[WhiteElo "1966"]
[BlackElo "1539"]
[PlyCount "58"]
[EventDate "2023.06.30"]
[EventType "swiss"]
[EventRounds "6"]
[EventCountry "BRA"]
[SourceTitle "CBM 215 Extra"]
[Source "ChessBase"]
[SourceDate "2023.09.30"]
[SourceVersion "1"]
[SourceVersionDate "2023.09.30"]
[SourceQuality "1"]

1. d4 d5 2. c4 e6 3. Nc3 c5 4. cxd5 exd5 5. Nf3 Nc6 6. dxc5 d4 7. Ne4 Bxc5 8. Nxc5 Qa5+ 9. Bd2 Qxc5 10. g3 Nf6 11. Bg2 0-0 12. 0-0 Bg4 13. Qb3 Qe7 14. h3 Bf5 15. g4 Bg6 16. Rfe1 Rad8 17. Bg5 Rd7 18. Nh4 Qd6 19. Bxc6 bxc6 20. Bxf6 Qxf6 21. Nxg6 hxg6 22. Rac1 Rc8 23. Qd3 Qe6 24. b3 c5 25. Rc2 Rd5 26. e4 dxe3 27. Qxe3 Qa6 28. Qf3 Rd6 29. Rec1 Rcd8 0-1

[Event "Jogos op do Parana - Japs"]
[Site "Francisco Beltrao"]
[Date "2009.10.27"]
[Round "1.14"]
[White "Cruz, William Ferreira Da"]
[Black "Silva, Adriano Da"]
[Result "0-1"]
[WhiteElo "2128"]
[BlackElo "1884"]
[PlyCount "61"]
[EventDate "2009.10.27"]
[EventType "swiss"]
[EventRounds "7"]
[EventCountry "BRA"]
[SourceTitle "EXT 2022"]
[Source "ChessBase"]
[SourceDate "2021.10.06"]
[SourceVersion "1"]
[SourceVersionDate "2021.10.06"]
[SourceQuality "1"]

1. d4 e6 2. c4 f5 3. g3 Nf6 4. Bg2 Be7 5. Nf3 0-0 6. 0-0 d6 7. Nc3 Ne4 8. Nxe4 fxe4 9. Nd2 d5 10. f3 exf3 11. Bxf3 Bf6 12. e3 c6 13. b4 b5 14. cxb5 cxb5 15. a4 Bd7 16. Nb3 Na6 17. Nc5 Nxc5 18. bxc5 bxa4 19. e4 Bb5 20. e5 Bxf1 21. Kxf1 Bg5 22. Ba3 Qa5 23. Kg2 Qc3 24. Bg4 Rfe8 25. Ra2 Qb3 26. Qa1 Be3 27. Bb2 Rab8 28. Bc3 a3 29. Rxa3 Qc2+ 30. Kh3 Rb1 31. Bh5 0-1